Top 10 Countries with Covid-19 Cases - 30 April - Statistics

General Stats
  • This quiz has been taken 42 times
  • The average score is 9 of 15
Answer Stats
country % Correct
United States
100%
United Kingdom
90%
France
88%
Italy
88%
Spain
83%
Germany
80%
Russia
73%
Brazil
59%
Belgium
39%
Turkey
37%
Iran
34%
Switzerland
34%
Ireland
27%
Singapore
17%
Qatar
7%
No matching quizzes found
Score Distribution
Percent of People with Each Score
Percentile by Number Answered
Your Score History
You have not taken this quiz